Normal view
MARC view
- MICROWAVE TRANSMISSION LINES MICROWAVE RESONATORS AND FILTERS
Entry Topical Term
001 - CONTROL NUMBER
- control field: 80331
003 - CONTROL NUMBER IDENTIFIER
- control field: NUST
005 - DATE AND TIME OF LATEST TRANSACTION
- control field: 20210628210639.0
008 - FIXED-LENGTH DATA ELEMENTS
- fixed length control field: 210628|| aca||aabn | a|a d
040 ## - CATALOGING SOURCE
- Original cataloging agency: NUST
- Transcribing agency: NUST
150 ## - HEADING--TOPICAL TERM
- Topical term or geographic name entry element: MICROWAVE TRANSMISSION LINES MICROWAVE RESONATORS AND FILTERS
670 ## - SOURCE DATA FOUND
- Source citation: Work cat.: (NUST): Rizzi, Peter.A 80330, Microwave engineering passive circuits, 1999
